Căluş : symbolic transformation in Romanian ritual /

Bibliographic Details
Main Author: Kligman, Gail
Format: Book
Language:English
Published: Chicago : University of Chicago Press, 1981.
Subjects:

MARC

Tag First Indicator Second Indicator Subfields
LEADER 00000cam a2200000 i 4500
001 in00000030269
005 20151007060247.0
008 800811s1981 ilua b 00110 eng
010 |a  80021372  
020 |a 0226442217 
035 |a (OCoLC)06665989 
035 |9 AAC0434AM 
040 |a DLC  |c DLC  |d m.c.  |d TXA  |d UtOrBLW 
043 |a ee-----  |a e-rm--- 
049 |a TXAM  |c [A11550879] 
050 0 0 |a GT4995.P45  |b K54 
082 0 |a 394.2/683  |2 19 
100 1 |a Kligman, Gail. 
245 1 0 |a Căluş :  |b symbolic transformation in Romanian ritual /  |c Gail Kligman ; with a foreword by Mircea Eliade. 
264 1 |a Chicago :  |b University of Chicago Press,  |c 1981. 
300 |a xvi, 209 pages :  |b illustrations ;  |c 23 cm. 
336 |a text  |b txt  |2 rdacontent 
337 |a unmediated  |b n  |2 rdamedia 
338 |a volume  |b nc  |2 rdacarrier 
500 |a "Chicago originals." 
504 |a Bibliography: pages 193-206. 
500 |a Includes index. 
650 0 |a Rites and ceremonies  |z Romania. 
650 0 |a Pentecost Festival. 
651 0 |a Romania  |x Social life and customs. 
650 0 |a Rites and ceremonies  |z Europe, Eastern  |x Case studies. 
999 |a MARS 
999 f f |s a6dbcbec-c81c-30d7-8fff-31e87ae06b17  |i 44d9300a-f74d-342b-8599-7f1863a1c8bb  |t 0 
952 f f |p ric  |a Texas A&M University  |b Rellis Campus  |c Joint Library Facility  |d Remote Storage  |t 0  |e GT4995.P45 K54  |h Library of Congress classification  |i unmediated -- volume  |m A14811550879 
998 f f |a GT4995.P45 K54  |t 0  |l Remote Storage